<?xml version="1.0" encoding="UTF-8"?>
<record
    xmlns:xsi="http://www.w3.org/2001/XMLSchema-instance"
    xsi:schemaLocation="http://www.loc.gov/MARC21/slim http://www.loc.gov/standards/marcxml/schema/MARC21slim.xsd"
    xmlns="http://www.loc.gov/MARC21/slim">

  <leader>00714nam a22001337a 4500</leader>
  <datafield tag="040" ind1=" " ind2=" ">
    <subfield code="c">RUA</subfield>
  </datafield>
  <datafield tag="082" ind1=" " ind2=" ">
    <subfield code="a">AGR HEA 2017 B636 Or.1</subfield>
  </datafield>
  <datafield tag="100" ind1=" " ind2=" ">
    <subfield code="a">HEANG SEYHA &#x17A0;&#x17C0;&#x1780; &#x179F;&#x17B8;&#x17A0;&#x17B6;</subfield>
  </datafield>
  <datafield tag="245" ind1=" " ind2=" ">
    <subfield code="a">effect of potassium chloride (KC1) rates on yield and sugar content of melon (CUCUMIS MELOM L.)&#x17A5;&#x1791;&#x17D2;&#x1792;&#x1796;&#x179B;&#x1793;&#x17C3;&#x1794;&#x179A;&#x17B7;&#x1798;&#x17B6;&#x178E;&#x1787;&#x17B8;&#x1794;&#x17C9;&#x17BC;&#x178F;&#x17B6;&#x179F;&#x17D2;&#x1799;&#x17BC;&#x1798;&#x1780;&#x17D2;&#x179B;&#x179A;(Kc1)&#x1793;&#x17C5;&#x179B;&#x17BE;&#x1791;&#x17B7;&#x1793;&#x17D2;&#x1793;&#x1795;&#x179B;&#x1793;&#x17B7;&#x1784;&#x1780;&#x1798;&#x17D2;&#x179A;&#x17B7;&#x178F;&#x1787;&#x17B6;&#x179C;&#x1787;&#x17B6;&#x178F;&#x17B7;&#x179F;&#x17D2;&#x1780;&#x179A;&#x1794;&#x179F;&#x17CB;&#x178A;&#x17B6;&#x17C6;&#x178E;&#x17B6;&#x17C6;&#x178F;&#x17D2;&#x179A;&#x179F;&#x1780;&#x1795;&#x17D2;&#x17A2;&#x17C2;&#x1798;</subfield>
  </datafield>
  <datafield tag="260" ind1=" " ind2=" ">
    <subfield code="a">RUA</subfield>
    <subfield code="b">Phnom penh</subfield>
    <subfield code="c">2017</subfield>
  </datafield>
  <datafield tag="300" ind1=" " ind2=" ">
    <subfield code="a">ix;31p</subfield>
    <subfield code="b">ill;</subfield>
    <subfield code="c">29cm</subfield>
  </datafield>
  <datafield tag="856" ind1=" " ind2=" ">
    <subfield code="u">https://drive.google.com/file/d/1tJ0aM-NmgVGkSjRGDc79GH9wVLSfoc8g/view?usp=sharing</subfield>
  </datafield>
  <datafield tag="942" ind1=" " ind2=" ">
    <subfield code="c">AGR</subfield>
  </datafield>
  <datafield tag="999" ind1=" " ind2=" ">
    <subfield code="c">18053</subfield>
    <subfield code="d">18053</subfield>
  </datafield>
  <datafield tag="952" ind1=" " ind2=" ">
    <subfield code="0">0</subfield>
    <subfield code="1">0</subfield>
    <subfield code="2">ddc</subfield>
    <subfield code="4">0</subfield>
    <subfield code="6">AGR_HEA_2017_000000000000000_B636_OR_1</subfield>
    <subfield code="7">0</subfield>
    <subfield code="9">80117</subfield>
    <subfield code="a">LBB</subfield>
    <subfield code="b">LBB</subfield>
    <subfield code="c">B636</subfield>
    <subfield code="d">2019-07-24</subfield>
    <subfield code="l">1</subfield>
    <subfield code="o">AGR HEA 2017 B636 Or.1</subfield>
    <subfield code="p">A45037</subfield>
    <subfield code="r">2023-10-24</subfield>
    <subfield code="s">2023-09-11</subfield>
    <subfield code="w">2019-07-24</subfield>
    <subfield code="y">AGR</subfield>
  </datafield>
  <datafield tag="952" ind1=" " ind2=" ">
    <subfield code="0">0</subfield>
    <subfield code="1">0</subfield>
    <subfield code="2">ddc</subfield>
    <subfield code="4">0</subfield>
    <subfield code="6">AGR_HEA_2017_000000000000000_B636_OR_2</subfield>
    <subfield code="7">0</subfield>
    <subfield code="9">80118</subfield>
    <subfield code="a">LBB</subfield>
    <subfield code="b">LBB</subfield>
    <subfield code="c">B636</subfield>
    <subfield code="d">2019-07-24</subfield>
    <subfield code="l">1</subfield>
    <subfield code="o">AGR HEA 2017 B636 Or.2</subfield>
    <subfield code="p">A45086</subfield>
    <subfield code="r">2020-02-28</subfield>
    <subfield code="s">2020-01-29</subfield>
    <subfield code="w">2019-07-24</subfield>
    <subfield code="y">AGR</subfield>
  </datafield>
  <datafield tag="952" ind1=" " ind2=" ">
    <subfield code="0">0</subfield>
    <subfield code="1">0</subfield>
    <subfield code="2">ddc</subfield>
    <subfield code="4">0</subfield>
    <subfield code="6">AGR_HEA_2017_000000000000000_B636_OR_3</subfield>
    <subfield code="7">0</subfield>
    <subfield code="9">80119</subfield>
    <subfield code="a">LBB</subfield>
    <subfield code="b">LBB</subfield>
    <subfield code="c">B636</subfield>
    <subfield code="d">2019-07-24</subfield>
    <subfield code="l">1</subfield>
    <subfield code="o">AGR HEA 2017 B636 Or.3</subfield>
    <subfield code="p">A44568</subfield>
    <subfield code="r">2023-12-15</subfield>
    <subfield code="s">2023-12-06</subfield>
    <subfield code="w">2019-07-24</subfield>
    <subfield code="y">AGR</subfield>
  </datafield>
  <datafield tag="952" ind1=" " ind2=" ">
    <subfield code="0">0</subfield>
    <subfield code="1">0</subfield>
    <subfield code="2">ddc</subfield>
    <subfield code="4">0</subfield>
    <subfield code="6">AGR_HEA_2017_000000000000000_B636_OR_4</subfield>
    <subfield code="7">0</subfield>
    <subfield code="9">80120</subfield>
    <subfield code="a">LBB</subfield>
    <subfield code="b">LBB</subfield>
    <subfield code="c">B636</subfield>
    <subfield code="d">2019-07-24</subfield>
    <subfield code="o">AGR HEA 2017 B636 Or.4</subfield>
    <subfield code="p">A44806</subfield>
    <subfield code="r">2019-07-24</subfield>
    <subfield code="w">2019-07-24</subfield>
    <subfield code="y">AGR</subfield>
  </datafield>
  <datafield tag="952" ind1=" " ind2=" ">
    <subfield code="0">0</subfield>
    <subfield code="1">0</subfield>
    <subfield code="2">ddc</subfield>
    <subfield code="4">0</subfield>
    <subfield code="6">AGR_HEA_2017_000000000000000_B636_OR_5</subfield>
    <subfield code="7">0</subfield>
    <subfield code="9">80121</subfield>
    <subfield code="a">LBB</subfield>
    <subfield code="b">LBB</subfield>
    <subfield code="c">B636</subfield>
    <subfield code="d">2019-07-24</subfield>
    <subfield code="o">AGR HEA 2017 B636 Or.5</subfield>
    <subfield code="p">A44947</subfield>
    <subfield code="r">2019-07-24</subfield>
    <subfield code="w">2019-07-24</subfield>
    <subfield code="y">AGR</subfield>
  </datafield>
  <datafield tag="952" ind1=" " ind2=" ">
    <subfield code="0">0</subfield>
    <subfield code="1">0</subfield>
    <subfield code="2">ddc</subfield>
    <subfield code="4">0</subfield>
    <subfield code="6">AGR_HEA_2017_000000000000000_B636_OR_6</subfield>
    <subfield code="7">0</subfield>
    <subfield code="9">80122</subfield>
    <subfield code="a">LBB</subfield>
    <subfield code="b">LBB</subfield>
    <subfield code="c">B636</subfield>
    <subfield code="d">2019-07-24</subfield>
    <subfield code="l">1</subfield>
    <subfield code="o">AGR HEA 2017 B636 Or.6</subfield>
    <subfield code="p">A45022</subfield>
    <subfield code="r">2019-08-14</subfield>
    <subfield code="s">2019-08-13</subfield>
    <subfield code="w">2019-07-24</subfield>
    <subfield code="y">AGR</subfield>
  </datafield>
</record>
